Applications of Lie groups to differential equations

Guardat en:
Dades bibliogràfiques
Autor principal: Olver, Peter J. (Autor)
Format: Llibre
Idioma:anglès
Publicat: Nueva York Springer-Verlag 1986
Col·lecció:Graduate Texts in Mathematics, 107
Matèries:
Etiquetes: Afegir etiqueta
Sense etiquetes, Sigues el primer a etiquetar aquest registre!

MARC

LEADER 00000nam a2200000 a 4500
001 UCP0833
003 CL-VaPUC
008 990319e19860000US |||||||||||||||||eng|d
082 0 4 |a 515.35  |b OLV  |2 21 
100 |a Olver, Peter J.  |e author  |9 426422 
245 1 0 |a Applications of Lie groups to differential equations 
300 |a 497 p 
942 |c BK 
945 |d 19990319 00:00:00  |a crobeson 
260 |a Nueva York  |b Springer-Verlag  |c 1986 
650 0 |a Ecuaciones diferenciales  |9 260083 
650 0 |a Grupos de Lie   |9 271231 
650 0 |a Álgebra de Lie  |9 271226 
650 7 |a MULTIFORMES  |2 CL-VaPUC  |9 424011 
650 0 |a Campos vectoriales  |9 424666 
650 0 |a Teoría de grupos   |9 270028 
650 7 |a SISTEMAS HAMILTONIANOS  |2 CL-VaPUC  |9 426423 
583 |a last modification  |c 19990319 00:00:00  |k Rodrigo Vera 
490 0 |a Graduate Texts in Mathematics, 107 
999 |c 279575  |d 279573 
952 |0 0  |1 0  |4 0  |6 515_350000000000000_OLV_1986  |7 0  |8 A  |9 319146  |a BIBMAT  |b BIBMAT  |d 2019-11-20  |i 1330942  |o 515.35 OLV 1986  |p 1330942  |r 2025-01-07  |w 2019-11-20  |y BK  |k MAT 
952 |0 0  |1 0  |4 0  |6 515_350000000000000_OLV_1986  |7 0  |8 A  |9 319147  |a BIBMAT  |b BIBMAT  |d 2019-11-20  |i 1330950  |o 515.35 OLV 1986  |p 1330950  |r 2025-01-07  |w 2019-11-20  |y BK  |k MAT